000 01053nam a22002417a 4500
003 OSt
005 20260216154019.0
008 260216b |||||||| |||| 00| 0 eng d
040 _c0
082 _aDPer 796.07 J826 January-October 2023 v. 42 n. 1-4
100 _aLiu, Xiaolu
_eauthor.
_969769
245 _aPreservice Physical Education Teacher Preparation for Health-Related Fitness Testing :
_bA Faculty Perspective
_cXiaolu Liu, Xiaofen D. Hamilton, Rulan Shanggauan, Jingwen Liu, Sarah J. Wall and Richard Guerra
260 _aChampaign, IL ;
_bHuman Kinetics, Inc. ,
_cJuly 2023.
300 _aVolume 42, pages 471-479 :
_billustration ;
_c 29 cm.
500 _aJournal of Teaching in Physical Education, vol. 42 no. 3, pages 471-479, July 2023.
700 _aLiu, Xiaolu
_eauthor.
_969769
700 _aHamilton, Xaiofen D.
_eauthor.
_969770
700 _aShangguan, Rulan
_eauthor.
_969771
700 _aLiu, Jingwen
_eauthor.
_969772
700 _aWall, Sarah J.
_eauthor.
_969773
700 _aGuerra, Richard
_eauthor.
_969774
942 _2ddc
_cPER
999 _c24337
_d24337